| 000 | 00395 a2200169 4500 | ||
|---|---|---|---|
| 003 | OSt | ||
| 005 | 20180116182714.0 | ||
| 008 | 160429b xxu||||| |||| 00| 0 eng d | ||
| 020 | _a8131711552 | ||
| 040 | _c0 | ||
| 100 | _aChoi, frederick D.S. | ||
| 245 | _aInternational Accounting. | ||
| 250 | _a5th ed | ||
| 260 |
_aNew Delhi _c2005 |
||
| 300 | _a523 | ||
| 942 |
_aNBS _cBK _k657.95 CHO _2ddc |
||
| 999 |
_c344492 _d344492 |
||